1184 1486 1884 1748 1570 1210 1873 1743 1519 1314 1183 1664 1985 1808 1352 1250 1041 1754 1822 1553 1722 1587 1580 1091 1915 1130 1998 1202 1853 1783 1686 1741 1770 1653 1997 1984 1970 1312 1901 1649 1811 1913 1573 1791 1125 1630 1607 1538 1865 1968 1397 1579 1522 1917 1295 1237 1345 1914 1265 1344 1277 1201 1345 1260 1931 1071 1179 1695 1540 1123 1176 1941 1510 1440 1559 1165 1758 1721 1105 1313 1209 1364 1033 1088 1670 1409 1572 1368 1205 1857 1591 1600 1387 1452 1302 1530 1149 1900 1954 BCNSPRNW ULIB Ver.6.0+V

เปลี่ยนเป็นภาษาไทย

Change to English
 แสดงรายละเอียดบรรณานุกรม
  กลับหน้าหลัก

Brief Record : Get Marc (ISO 2709) : E-mail record : QR code < ปิดหน้าต่าง
LEADER : 00000nam 2200000uu 4500
001    13399126794
003     ULIB
008    190306s2561||||th 000 0 tha d
020    ^a9786163660534
050    ^aนว^bน472ร
100    ^aนายตะวัน
245    ^aรอยรักกลางตะวัน ชุดซีรีส์ราชสีห์/^cนายตะวัน
260    ^aกรุงเทพฯ :^bแสงจันทร์นวล,^c2561
300    ^a403 หน้า;^b21 ซม.
490 0  ^aราชสีห์ ;^v8
650    ^aนวนิยาย
945    ^p330^l0^i27289
999    ^aกัณชพร จุลอักษร
รายการนี้ยังไม่มีแท็ก
คุณยังไม่ได้ล็อกอิน คุณสามารถมีกิจกรรมร่วมกับเว็บไซต์ได้ แต่ต้องล็อกอินก่อน ::
  ล็อกอิน

รายการสื่อสารสนเทศ

ลำดับที่ ประเภท เลขเรียก/บาร์โค้ด สถานที่ สถานะ
1. วิทยาศาสตร์การแพทย์ และสุขภาพ
วิทยาศาสตร์การแพทย์ และสุขภาพ
นว น472ร ฉ.1 
  Barcode: 27289
ห้องสมุดวิทยาเขตสวรรค์ประชารักษ์
►นวนิยาย
บนชั้น
  ขอยืม

รายการใกล้เคียง
    ผู้แต่ง [นายตะวัน]

    หัวเรื่อง [นวนิยาย]

BibComment


ยังไม่เคยถูกคอมเมนท์

คอมเมนท์ทรัพยากรรายการนี้
  คอมเมนท์: รอยรักกลางตะวัน ..


 Copyright 2026. Bcnsprnw @Library